Contemporary make your mark in food service

में बचाया:
ग्रंथसूची विवरण
मुख्य लेखक: Phyllis Pogrund
स्वरूप: पुस्तक
भाषा:Undetermined
प्रकाशित: Chicago Contemporary Books 1997
विषय:
टैग : टैग जोड़ें
कोई टैग नहीं, इस रिकॉर्ड को टैग करने वाले पहले व्यक्ति बनें!
Thư viện lưu trữ: Trung tâm Học liệu Trường Đại học Cần Thơ
LEADER 00530nam a2200193Ia 4500
001 CTU_65788
008 210402s9999 xx 000 0 und d
020 |b 106000 
082 |a 428.24 
082 |b P746 
100 |a Phyllis Pogrund 
245 0 |a Contemporary make your mark in food service 
245 0 |c Phyllis Pogrund 
260 |a Chicago 
260 |b Contemporary Books 
260 |c 1997 
650 |a english language 
650 |x study guides,examinations 
980 |a Trung tâm Học liệu Trường Đại học Cần Thơ